Biblioteca

Martin Buber : Fundamento existencial de la intercomunicación / Diego Sánchez Meca (Registro nro. 32120)

Detalles MARC
000 -LÍDER
Campo fijo de descripción fija 013210000a22002170004500
020 ## - NÚMERO INTERNACIONAL NORMALIZADO PARA LIBROS
Número Internacional Normalizado del libro 84-254-1416-4
041 0# - CÓDIGO DE IDIOMA
Código de idioma para texto/pista de sonido o título separado
082 04 - NÚMERO DE CLASIFICACIÓN DECIMAL DEWEY
Número de clasificación G 121 S669m
001 - NÚMERO DE CONTROL
Campo de control 619
100 1# - ASIENTO PRINCIPAL--NOMBRE PERSONAL
Nombre personal Sánchez Meca, Diego
245 10 - TÍTULO
Título del Material Martin Buber : Fundamento existencial de la intercomunicación / Diego Sánchez Meca
260 ## - PUBLICACIÓN, DISTRIBUCIÓN, ETC. (PIE DE IMPRENTA)
Lugar de publicación, distribución, etc. Barcelona, España: Herder
300 ## - DESCRIPCIÓN FÍSICA
Extensión 199 Pag.
336 ## - CONTENT TYPE
Content type term texto
Content type code txt
Source rdacontent
337 ## - MEDIA TYPE
Source rdamedia
Media type term sin mediación
Media type code n
338 ## - CARRIER TYPE
Source rdacarrier
Carrier type term volumen
Carrier type code nc
505 00 - NOTA DE CONTENIDO
Nota de contenido con formato preestablecido insuficiencia de la deducción trascendental del otro a partir de la razón pura -- insuficiencia de la deducción trascendental del otro a partir de la razón práctica -- el pensamiento dialógico frente a los límites de la filosofía trascendental -- la filosofía de Martin Buber y la teoría contemporánea del conocimiento -- la evolución del pensamiento buberiano: genealogía de la intuición dialógica -- la distinción fundamental entre experiencia y encuentro -- la ontología fundamental del "zwishen" -- una antropología filosófica como explicitación del principio dialógico -- el "conocimiento" del otro como conocimiento metafísico -- el acceso al otro en la verdad como existencia auténtica
650 14 - ASIENTO SECUNDARIO DE MATERIA - TERMINO TEMÁTICO
Término temático o nombre geográfico como elemento de entrada BUBER, MARTIN, 1878-1965.
942 ## - TIPO DE MATERIAL (KOHA)
Tipo de Item KOHA Libros General
Existencias
Estado de Material Estado de Perdido Estado de Dañado No para Préstamo Colección Tomo Biblioteca de Origen Biblioteca Permanente Fecha de Adquisición Total de Préstamos Signatura Topográfica Código de Barras Última vez visto Ejemplar/Existencia Fecha de Remplazo Tipo de Material
        Colección General   Biblioteca FUSBC Biblioteca FUSBC 20/09/2004   G 121 S669m 92 12/12/2019 1 26/01/2016 Libros General

Biblioteca FUSBC | Teléfono: (57+4) 349 88 10 Ext. 141| WhatsApp (+57) 3005338115 
E-mail: biblioteca@unisbc.edu.co | Calle 76 87-14 Robledo Palenque, Medellín, Colombia

Con tecnología Koha